000 01048cem a22001935a 4500
001 L140307
008 070917s1966 xxk b l 0 aeng u
035 _a(Sirsi) u140307
041 0 _aeng
110 2 _aLondon (Greater London Council)
_c1965-1986
245 0 0 _aAtlas of southern England
_h[cartographic material]
255 _aScale 1:625000
260 _aLondon
_bGLC Department of Architecture and Civic Design
_c1966
300 _a23 maps
_bbound
_c46 x 66 cm.
500 _aMaps show: roads; railways; liner trains; railway accessibility; ports; Ministry of Labour boundaries; unemployment; major stores; hierarchy of shopping centres; shopping hinterland populations; overspill; regional hospital boards; local authority boundaries; relative sizes of urban units; population decrease; population increase; standard regions; economic planning regions; conservation areas; theatres; water; electricity; gas.
651 4 _aLondon
690 _aENVIRONMENTAL AND LAND CONSULTANCY-GEOMATICS-MAPPING AND POSITIONING-CARTOGRAPHY
942 _n0
999 _c116827
_d116827